000 00530nam a2200181Ia 4500
005 20250508161527.0
008 008 250505s9999 xx 000 0 eng d
037 _aTextual
040 _aFEDL
_beng
_cFEDL
041 _aeng
_2eng
084 _a370.9, ORG
_qFEDL
245 0 _aEducational situation in oecd countries
260 _aParis, France
_bOrganisation for Economic Co-operation and Development
_c1974
300 _a68p.
650 _aEducation
942 _cTEXL
_h370.9, ORG
999 _c1370539
_d1370539